000 00302nam a2200133Ia 4500
005 20250603145855.0
008 250603s9999 xx 000 0 und d
100 _aPhyllis Schlafly
245 4 _aThe gravediggers
260 _bPere Marquette press
260 _c1964
300 _a126 p
942 _cBK
999 _c43110
_d43110